Η τέχνη από το 1900 : μοντερνισμός, αντιμοντερνισμός, μεταμοντερνισμός

Αποθηκεύτηκε σε:
Λεπτομέρειες βιβλιογραφικής εγγραφής
Άλλοι συγγραφείς: Foster, Hal, Παπανικολάου, Μιλτιάδης Μ., 1947- (Συγγραφέας εισαγωγής κ.λπ., Επιμελητής έκδοσης)
Μορφή: Βιβλίο
Γλώσσα:Greek
English
Δημοσίευση: Αθήνα : Επίκεντρο, 2009.
Έκδοση:2η έκδ.
Θέματα:
Ετικέτες: Προσθήκη ετικέτας
Δεν υπάρχουν, Καταχωρήστε ετικέτα πρώτοι!

MARC

LEADER 00000cam a2200000 i 4500
001 1/7728
008 100525s2009 gr | ||| |||| ||gre||
020 |a 9789604580477 
035 |l 10107971 
040 |a GR-MyUa  |b gre  |e AACR2 
041 1 |a gre  |h eng 
082 7 |a 709.04   |2 (22)  
245 0 2 |a Η τέχνη από το 1900 :   |b μοντερνισμός, αντιμοντερνισμός, μεταμοντερνισμός /   |c Hal Foster ... [κ. ά.] ; πρόλογος - επιμέλεια Μιλτιάδης Παπανικολάου ; [μετάφραση Ιουλία Τσολακίδου].  
250 |a 2η έκδ.  
260 |a Αθήνα :   |b Επίκεντρο,   |c 2009.  
300 |a 704 σ. :   |b εικ. (μερ. έγχρ.) ;   |c 29 εκ. 
500 |a Με 637 εικόνες.  
504 |a Περιλαμβάνει βιβλιογραφικές παραπομπές και ευρετήριο.  
650 0 |a Art, Modern  |y 20th century. 
700 1 |a Foster, Hal. 
700 1 |a Παπανικολάου, Μιλτιάδης Μ.,   |d 1947-  |e aui  |e edt 
852 |a INST  |b LESVOS  |e 20100525  |h 709.04 ΤΕΧ  |p 005100047031  |q 005100047031  |t BK  |y 0 
852 |a INST  |b LESVOS  |e 20100525  |h 709.04 ΤΕΧ  |p 005100047032  |q 005100047032  |t BK  |y 0 
852 |a INST  |b LESVOS  |e 20100525  |h 709.04 ΤΕΧ  |p 005100047033  |q 005100047033  |t BK  |y 0 
852 |a INST  |b LESVOS  |e 20100525  |h 709.04 ΤΕΧ  |p 005100047034  |q 005100047034  |t BK  |y 0 
852 |a INST  |b LESVOS  |e 20100525  |h 709.04 ΤΕΧ  |p 005100047035  |q 005100047035  |t BK  |y 0 
852 |a INST  |b LESVOS  |e 20100525  |h 709.04 ΤΕΧ  |p 005100047036  |q 005100047036  |t BK  |y 0 
852 |a INST  |b SYROS  |e 20110225  |h 709.04 ΤΕΧ  |p 005500009322  |q 005500009322  |t BK  |y 0 
901 |a BIBL5-2011-1 
901 |a BIBL1-2010-2 
922 |a 5ΕΛΗ  |b 201011  |c Βιβλιοθήκη Σύρου  |d Π. Ιωαννίδου 
970 |a Γιάλαμα  |b Μαρία  |z 25/05/2010